Catalog

Record Details

Catalog Search



The Bridges of God : a Study in the Strategy of Missions  Cover Image Book Book

The Bridges of God : a Study in the Strategy of Missions / Donald Anderson McGavran

Record details

  • Physical Description: xiv, 158 s.
  • Publisher: New York : Friendship Press, 1955

Available copies

  • 1 of 1 copy available at Common Catalog SPOK.

Holds

  • 0 current holds with 1 total copy.
Show Only Available Copies
Location Call Number / Copy Notes Barcode Shelving Location Status Due Date
ETS Library 266 424470020035 Volný výběr Available -

LDR nam a22 i 4500
00151876
003CZ-PrJAB
00520230607092939.0
007ta
008230208s1955 xxu e 000 0 eng
040 . ‡aABG450 ‡bcze ‡erda
072 7. ‡a27 ‡xKřesťanství. Křesťanská církev všeobecně. Eklesiologie ‡2Konspekt ‡95
08214. ‡a266
1001 . ‡aMcGavran, Donald A. ‡q(Donald Anderson), ‡d1897-1990 ‡7jo2016931689 ‡4aut
24514. ‡aThe Bridges of God : ‡ba Study in the Strategy of Missions / ‡cDonald Anderson McGavran
264 1. ‡aNew York : ‡bFriendship Press, ‡c1955
300 . ‡axiv, 158 s.
336 . ‡atext ‡btxt ‡2rdacontent
338 . ‡asvazek ‡bnc ‡2rdacarrier
910 . ‡aABG450
995 . ‡aska
901 . ‡a51876 ‡bAUTOGEN ‡c51876 ‡tbiblio

Additional Resources